[Event "India Cities-ch 19th"]
[Site "Khalpara"]
[Date "2018.08.02"]
[Round "3.4"]
[White "Advaita Sharma, K."]
[Black "Gautam, Kataria"]
[Result "0-1"]
[WhiteElo "1459"]
[BlackElo "1482"]
[PlyCount "74"]
[EventDate "2018.08.01"]
[EventType "team-swiss"]
[EventRounds "7"]
[EventCountry "IND"]
[SourceTitle "CBM 186 Extra"]
[Source "ChessBase"]
[SourceDate "2018.08.24"]
[SourceVersion "1"]
[SourceVersionDate "2018.08.24"]
[SourceQuality "1"]
[WhiteTeam "Hyderabad"]
[BlackTeam "Chess in Lakecity"]
[WhiteTeamCountry "IND"]
[BlackTeamCountry "IND"]

1. e4 c6 2. d4 d5 3. Nc3 dxe4 4. Nxe4 Bf5 5. Ng3 Bg6 6. N1e2 e6 7. Nf4 Bd6 8. c3 Nf6 9. Bc4 Qc7 10. Qf3 Qe7 11. Be3 Nbd7 12. 0-0-0 0-0-0 13. h4 Nb6 14. Bb3 Bxf4 15. Bxf4 h6 16. Be5 Rhg8 17. Rhe1 Nfd7 18. Qg4 Nd5 19. Bxd5 cxd5 20. f4 Nf6 21. Qh3 Ne4 22. Nxe4 Bxe4 23. c4 f6 24. cxd5 Bxd5 25. Qc3+ Kd7 26. Qa5 fxe5 27. Rxe5 g6 28. g3 Qd6 29. Rde1 Rc8+ 30. Kb1 Qc6 31. Qd2 a5 32. g4 Rgf8 33. g5 h5 34. b3 Rf5 35. R5e2 Qc3 36. Rf1 Be4+ 37. Rxe4 Qxd2 0-1

[Event "India Cities-ch 19th"]
[Site "Khalpara"]
[Date "2018.08.02"]
[Round "2.4"]
[White "Pandey, Shubham"]
[Black "Advaita Sharma, K."]
[Result "1/2-1/2"]
[WhiteElo "1345"]
[BlackElo "1459"]
[PlyCount "111"]
[EventDate "2018.08.01"]
[EventType "team-swiss"]
[EventRounds "7"]
[EventCountry "IND"]
[SourceTitle "CBM 186 Extra"]
[Source "ChessBase"]
[SourceDate "2018.08.24"]
[SourceVersion "1"]
[SourceVersionDate "2018.08.24"]
[SourceQuality "1"]
[WhiteTeam "ARA Attackers"]
[BlackTeam "Hyderabad"]
[WhiteTeamCountry "IND"]
[BlackTeamCountry "IND"]

1. e4 c5 2. Nf3 e6 3. d4 cxd4 4. Nxd4 a6 5. c4 Nf6 6. Nc3 Qc7 7. Qd3 d6 8. Be2 Nbd7 9. b3 b6 10. 0-0 Bb7 11. Qc2 Be7 12. Be3 Rc8 13. Rac1 0-0 14. Rfd1 Rfd8 15. f3 Nf8 16. Bf2 Ng6 17. Qd2 h6 18. Nc2 d5 19. exd5 exd5 20. Bg3 Bc5+ 21. Kh1 Qe7 22. cxd5 Nxd5 23. Nxd5 Rxd5 24. Qe1 Ne5 25. Rxd5 Bxd5 26. Bxa6 Ra8 27. Qf1 Nc6 28. Re1 Qa7 29. Bb5 Nb4 30. Nxb4 Bxb4 31. Rd1 Qb7 32. Bc4 Bxc4 33. Qxc4 Qe7 34. a4 Re8 35. h3 Bc5 36. Re1 Qd7 37. Rxe8+ Qxe8 38. a5 Qe3 39. Qf1 bxa5 40. Qd1 Bd4 41. Bh2 f5 42. Bc7 Ba7 43. f4 Kh7 44. Be5 Bc5 45. Qb1 Kg6 46. Qd1 h5 47. Bd6 Bxd6 48. Qxd6+ Kh7 49. Qb8 h4 50. Kh2 Qe1 51. Qc7 Qg3+ 52. Kh1 Qxb3 53. Qxa5 Qb1+ 54. Kh2 Qe4 55. Qc7 Qe1 56. Qd6 1/2-1/2

[Event "IND-ch U13 Girls"]
[Site "Ahmedabad"]
[Date "2018.06.16"]
[Round "4"]
[White "Advaita Sharma, K."]
[Black "Shaoni, Mukherjee"]
[Result "1-0"]
[WhiteElo "1399"]
[BlackElo "1168"]
[PlyCount "61"]
[EventDate "2018.06.14"]
[EventType "swiss"]
[EventRounds "11"]
[EventCountry "IND"]
[SourceTitle "EXT 2019"]
[Source "ChessBase"]
[SourceDate "2018.10.10"]
[SourceVersion "1"]
[SourceVersionDate "2018.10.10"]
[SourceQuality "1"]

1. e4 c5 2. Nc3 d6 3. f4 g6 4. Nf3 Bg7 5. Bc4 Nc6 6. 0-0 Bg4 7. Bxf7+ Kxf7 8. Ng5+ Ke8 9. Qxg4 Qd7 10. Qxd7+ Kxd7 11. Nf7 Bd4+ 12. Kh1 Nf6 13. Nxh8 Rxh8 14. d3 Nb4 15. Nb5 Nxc2 16. Rb1 a6 17. Nxd4 cxd4 18. a3 Ng4 19. h3 Nge3 20. Rf2 Rf8 21. b4 e5 22. Bb2 exf4 23. Rc1 h5 24. Rcxc2 Nxc2 25. Rxc2 g5 26. Bxd4 g4 27. hxg4 hxg4 28. Rf2 Ke7 29. e5 Ke6 30. exd6 Kxd6 31. Bc5+ 1-0